PRINCIPLES OF MUSCULOSKELETAL TREATMENT AND MANAGEMENT: A HANDBOOK FOR THERAPISTS (Record no. 8367)

MARC details
000 -LEADER
fixed length control field 00502nam a22001817a 4500
005 - DATE AND TIME OF LATEST TRANSACTION
control field 20230817121411.0
008 - FIXED-LENGTH DATA ELEMENTS--GENERAL INFORMATION
fixed length control field 230817b |||||||| |||| 00| 0 eng d
020 ## - INTERNATIONAL STANDARD BOOK NUMBER
ISBN 978-0-7020-6719-8
041 ## - LANGUAGE CODE
Language code of text/sound track or separate title eng
082 ## - DEWEY DECIMAL CLASSIFICATION NUMBER
Classification number 616.7
100 ## - MAIN ENTRY--AUTHOR NAME
Personal name PETTY, NICOLA J AND BARNARD, KIERAN
245 ## - TITLE STATEMENT
Title PRINCIPLES OF MUSCULOSKELETAL TREATMENT AND MANAGEMENT: A HANDBOOK FOR THERAPISTS
250 ## - EDITION STATEMENT
Edition statement 3RD ED, 2018
260 ## - PUBLICATION, DISTRIBUTION, ETC. (IMPRINT)
Place of publication LONDON
Name of publisher ELSEVIER
Year of publication 2018
300 ## - PHYSICAL DESCRIPTION
Number of Pages 263;p
650 ## - SUBJECT ADDED ENTRY--TOPICAL TERM
Topical Term BPT
942 ## - ADDED ENTRY ELEMENTS (KOHA)
Koha item type Books
Holdings
Lost status Damaged status Collection code Home library Current library Shelving location Date acquired Source of acquisition Cost, normal purchase price Full call number Accession Number Koha item type
    Reference JRU Library JRU Library SHELF-20-B 05/08/2023 PURCHASE 6071.00 616.7 27835 Books